• 首页
  • 本馆介绍
  • 公告通知
  • 最新文献
  • 馆藏检索
  • 电子资源
  • 读者导购
  • 参考咨询
  • 我的图书馆
  • 登录
  • 详细信息显示
  • 放入我的书架
  • 预约/预借图书
  • 作者相关作品
  • 分类相关作品
  • 丛书相关作品
  • 出版社相关作品

书目信息

  • 表格格式
  • 工作单格式
  • 卡片格式
题名:
校园足球学训一体化的建设与实践探索
    
 
作者: 赵永峰 著
分册:  
出版信息: 北京   中国书籍出版社  2022.01
页数: 262页
开本: 24cm
丛书名: 高校学术研究论著丛刊
单 册:
中图分类: G843.2
科图分类:
主题词: 学校体育--xue xiao ti yu--足球运动--教学研究
电子资源:
ISBN: 978-7-5068-8046-6
000 01281nam 2200277 450
001 012001000887
005 20141202091932.0
010    @a978-7-5068-8046-6@dCNY84.00
099    @aCAL 012022025414
100    @a20220905d2022 em y0chiy50 ea
101 0  @achi
102    @aCN@b110000
105    @aa a 000yy
106    @ar
200 1  @a校园足球学训一体化的建设与实践探索@Axiao yuan zu qiu xue xun yi ti hua de jian she yu shi jian tan suo@f赵永峰著
210    @a北京@c中国书籍出版社@d2022.01
215    @a262页@c图@d24cm
225 2  @a高校学术研究论著丛刊@Agao xiao xue shu yan jiu lun zhu cong kan@i艺术体育
320    @a有书目 (第260-262页)
330    @a本书主要内容包括: 校园足球及学生“学训”发展现状分析、校园足球“学训一体化”培养机制与相关学科、校园足球“学训一体化”之“学习”体系的构建、校园足球“学训一体化”之“训练”体系的构建、校园足球“学训一体化”之体能学练、校园足球“学训一体化”之心智学练、校园足球“学训一体化”之运动技能学练、校园足球“学训一体化”之游戏学练、校园“学训一体化”之学练效果的评价等。
410  0 @12001 @a高校学术研究论著丛刊@i艺术体育
606 0  @a学校体育@Axue xiao ti yu@x足球运动@x教学研究
690    @aG843.2@v5
701  0 @a赵永峰@Azhao yong feng@4著
801  0 @aCN@bAHXH@c20221111
905    @b1362612-6@dG843.2@e1992@f5
    
    校园足球学训一体化的建设与实践探索/赵永峰著.-北京:中国书籍出版社,2022.01
    262页:图;24cm.-(高校学术研究论著丛刊.艺术体育)
    
    
    ISBN 978-7-5068-8046-6:CNY84.00
    本书主要内容包括: 校园足球及学生“学训”发展现状分析、校园足球“学训一体化”培养机制与相关学科、校园足球“学训一体化”之“学习”体系的构建、校园足球“学训一体化”之“训练”体系的构建、校园足球“学训一体化”之体能学练、校园足球“学训一体化”之心智学练、校园足球“学训一体化”之运动技能学练、校园足球“学训一体化”之游戏学练、校园“学训一体化”之学练效果的评价等。
●
相关链接 在E读中查询图书 在五车中查询图书 在当当中查询图书 在豆瓣中查询图书


正题名:校园足球学训一体化的建设与实践探索     索取号:G843.2/1992         预约/预借

序号 登录号 条形码 馆藏地/架位号 状态 备注
1 1362612   213626129   第一样本阅览室/ [索取号:G843.2/1992] 在馆    
2 1362613   213626138   教育系资料室/ [索取号:G843.2/1992] 在馆    
3 1362614   213626147   教育系资料室/ [索取号:G843.2/1992] 在馆    
4 1362615   213626156   第四借阅区/ [索取号:G843.2/1992] 在馆    
5 1362616   213626165   第四借阅区/ [索取号:G843.2/1992] 在馆    
唐山师范学院图书馆 欢迎您!
大连网信软件有限公司© 版权所有